000 00990nam a2200241 a 4500
001 000046746
005 20240313073819.0
008 180321s2015 dr a 000 0 spa d
020 _a9789945590296
040 _aDO-SdBNP
_bspa
_cBNPHU
082 _a551.460097293
_bR788c
100 1 _aRosa, Matt
_974682
245 1 0 _aCambio climático en la República Dominicana :
_brecursos costeros y comunidades /
_cMatt Rosa y Hillary Lohmann.
260 _aSanto Domingo :
_bFUNGLODE,
_c2015.
300 _a121 p. :
_bil., mapas, gráficos ;
_c21 cm.
490 1 _aEstudios y reflexiones. Medio ambiente
590 _aInventariado,2018/DG
650 4 _aCambios climáticos
_zRepública Dominicana, Costa Oceano Atlántico
_974683
650 4 _aManejo de zonas costeras
_zRepública Dominicana, Costa Oceano Atlántico
_974684
710 2 _aFundación Global Democracía y Desarrollo
_925477
830 0 _aEstudios y reflexiones. Medio ambiente
_974685
910 _aValidado. Control de calidad MFF
999 _c46235
_d46235